[Event "III Open Basso Veronese B"]
[Site "Casaleone ITA"]
[Date "2010.05.30"]
[Round "3"]
[White "Cavalleri, Giuseppe"]
[Black "Jirillo, Antonio"]
[Result "1-0"]
[WhiteElo "1839"]
[BlackElo "1520"]
[PlyCount "79"]
[EventDate "2010.05.29"]

1. d4 Nf6 2. c4 d5 3. Nc3 c6 4. cxd5 Nxd5 5. e4 Nxc3 6. bxc3 g6 7. f4 e6 8. Nf3
Bg7 9. Be2 O-O 10. O-O c5 11. Be3 Qa5 12. Qc2 cxd4 13. cxd4 Nc6 14. a3 Bd7 15.
Rfb1 Rfc8 16. Qd1 Qc3 17. Rb3 Qa5 18. Rxb7 Qd8 19. Ba6 Na5 20. Rb4 Rc6 21. Bb7
Nxb7 22. Rxb7 Rc3 23. Qe1 Rc2 24. Rc1 Qc8 25. Rb3 Ba4 26. Rc3 Qxc3 27. Qxc3
Rxc3 28. Rxc3 Rb8 29. h3 Rb1+ 30. Kh2 a6 31. Rc8+ Bf8 32. d5 Bd7 33. Rd8 Rb5
34. f5 Kg7 35. Bd4+ Kg8 36. Rxd7 Rb8 37. fxe6 fxe6 38. dxe6 Re8 39. Ng5 Bh6 40.
Rxh7 1-0

[Event "III Open Basso Veronese B"]
[Site "Casaleone ITA"]
[Date "2010.05.30"]
[Round "3"]
[White "De Togni, Paolo"]
[Black "Zanini, Andrea"]
[Result "1-0"]
[WhiteElo "1368"]
[BlackElo "1694"]
[PlyCount "93"]
[EventDate "2010.05.29"]

1. d4 d5 2. Nf3 Nc6 3. e3 a6 4. Bd3 Nf6 5. Nbd2 Bg4 6. O-O e6 7. a3 Bd6 8. Qe1
e5 9. dxe5 Nxe5 10. Nxe5 Bxe5 11. c4 c6 12. cxd5 cxd5 13. f4 Bc7 14. b4 O-O 15.
h3 Be6 16. Nb3 Re8 17. Nd4 Bb6 18. Bb2 Bd7 19. Rd1 Ba4 20. Rc1 Rc8 21. Qg3 Bd7
22. Kh1 Ne4 23. Bxe4 Bxd4 24. Bxd4 f6 25. Bxd5+ Kh8 26. Bxb7 Rb8 27. Bxa6 Ra8
28. b5 Bc8 29. Rxc8 Rxc8 30. Bxc8 Qxc8 31. Bxf6 gxf6 32. Qf3 Qc4 33. b6 Rb8 34.
Rb1 Qc2 35. Qd1 Qc6 36. Qd4 Rg8 37. Rb2 Qc1+ 38. Kh2 Qe1 39. Qd2 Qg3+ 40. Kg1
Qxh3 41. b7 Qg3 42. b8=Q Rxb8 43. Rxb8+ Kg7 44. Qf2 Qg4 45. Rb7+ Kh6 46. Qf3
Qh4 47. Qh3 1-0

[Event "III Open Basso Veronese B"]
[Site "Casaleone ITA"]
[Date "2010.05.30"]
[Round "3"]
[White "Macalello, Angelo"]
[Black "Rossi, Gianni"]
[Result "1/2-1/2"]
[WhiteElo "1643"]
[BlackElo "1886"]
[PlyCount "63"]
[EventDate "2010.05.29"]

1. e4 Nf6 2. e5 Nd5 3. d4 d6 4. c4 Nb6 5. f4 dxe5 6. fxe5 c5 7. d5 g6 8. Nf3
Bg7 9. Be2 O-O 10. Nc3 Bg4 11. Bf4 Bxf3 12. gxf3 e6 13. Qd2 N8d7 14. dxe6 fxe6
15. Bg5 Qc7 16. f4 Nxe5 17. fxe5 Qxe5 18. Qe3 Qxe3 19. Bxe3 Bd4 20. Bxd4 cxd4
21. Nb5 e5 22. O-O-O Rac8 23. b3 a6 24. Nd6 Rc7 25. Rhf1 Rd8 26. Ne4 Nd5 27.
Rf3 Nf4 28. Bf1 b6 29. Kb1 Kg7 30. Ng5 Re7 31. h4 Rde8 32. Ne4 1/2-1/2

[Event "III Open Basso Veronese B"]
[Site "Casaleone ITA"]
[Date "2010.05.30"]
[Round "3"]
[White "Morandini, Alessandro"]
[Black "Adami, Antonio"]
[Result "0-1"]
[WhiteElo "1422"]
[BlackElo "1699"]
[PlyCount "66"]
[EventDate "2010.05.29"]

1. Nf3 f5 2. d3 Nf6 3. Nbd2 g6 4. g3 Bg7 5. Bg2 d6 6. O-O O-O 7. Re1 e5 8. e4
fxe4 9. dxe4 a5 10. h4 Bg4 11. Nf1 Na6 12. c3 Nc5 13. N1h2 Bh5 14. Bg5 Qd7 15.
Bxf6 Rxf6 16. Qd5+ Kh8 17. Rad1 c6 18. Qd2 Bxf3 19. Nxf3 Raf8 20. Nxe5 Qe6 21.
Nd3 Nxd3 22. Qxd3 Rxf2 23. Qxd6 Qxd6 24. Rxd6 Rxb2 25. e5 Re8 26. e6 Bf6 27. g4
Bxh4 28. Rf1 Re2 29. Rf7 R8xe6 30. Rxe6 Rxe6 31. Rxb7 Bg3 32. Rb1 Bf4 33. Rb6
Be3+ 0-1

[Event "III Open Basso Veronese B"]
[Site "Casaleone ITA"]
[Date "2010.05.30"]
[Round "3"]
[White "Moscato, Riccardo"]
[Black "Bellini, Luca"]
[Result "0-1"]
[WhiteElo "1686"]
[BlackElo "1659"]
[PlyCount "96"]
[EventDate "2010.05.29"]

1. d4 e6 2. Nf3 d5 3. e3 c5 4. b3 Nc6 5. Bd3 Nf6 6. Nbd2 Nb4 7. O-O Nxd3 8.
cxd3 b6 9. dxc5 bxc5 10. Bb2 Ba6 11. Ne5 Rc8 12. b4 Qb6 13. Rc1 Qxb4 14. Bc3
Qa3 15. Nb1 Qxa2 16. f4 Bb5 17. Rf2 Qa6 18. Rcc2 Be7 19. Ra2 Qb7 20. Rfb2 O-O
21. Na3 a6 22. Qa1 Ra8 23. g4 d4 24. exd4 cxd4 25. Bxd4 Bxa3 26. Rxa3 Qd5 27.
Rb4 Rac8 28. Qd1 Rfd8 29. f5 Qd6 30. Qd2 Nd5 31. Nc4 Bxc4 32. Rxc4 e5 33. Bb2
Rb8 34. Bc1 Qb6+ 35. Qf2 Qb1 36. Qc5 Nf4 37. Qc7 h6 38. Rxa6 Nxd3 39. Ra7 Qb6+
40. Qxb6 Rxb6 41. Rcc7 Rf8 42. Ba3 Rb1+ 43. Kg2 Nf4+ 44. Kf2 Ra1 45. Bxf8 Rxa7
46. Rxa7 Kxf8 47. Rd7 Ke8 48. Rd4 exd4 0-1

[Event "III Open Basso Veronese B"]
[Site "Casaleone ITA"]
[Date "2010.05.30"]
[Round "3"]
[White "Orlandi, Paolo"]
[Black "Zonta, Riccardo"]
[Result "1-0"]
[WhiteElo "1428"]
[BlackElo "1668"]
[PlyCount "111"]
[EventDate "2010.05.29"]

1. e4 d6 2. d4 Nf6 3. Nc3 e5 4. dxe5 dxe5 5. Qxd8+ Kxd8 6. f3 Be6 7. Bd2 a6 8.
O-O-O Bd6 9. Nge2 Nbd7 10. Kb1 Ke7 11. g4 h6 12. Nd5+ Nxd5 13. exd5 Bxd5 14.
Bg2 f6 15. Rhe1 Kf7 16. Nc3 Bc6 17. h4 Rac8 18. Ne4 Be7 19. f4 Rcd8 20. h5 Rhe8
21. Bf1 Nc5 22. Nxc5 Bxc5 23. fxe5 fxe5 24. Bc4+ Bd5 25. Bg5 hxg5 26. Bxd5+
Rxd5 27. Rxd5 Bd6 28. Rf1+ Ke6 29. c4 b5 30. b3 bxc4 31. bxc4 Re7 32. Ra5 Kd7
33. Rxa6 e4 34. Kc2 e3 35. Re1 Bf4 36. Re2 Kc8 37. Ra5 Rd7 38. Rd5 Rxd5 39.
cxd5 Kd7 40. Kd3 Kd6 41. Ke4 Kc5 42. Rc2+ Kb4 43. Re2 Kc4 44. a4 Kb4 45. Rxe3
Kxa4 46. Rc3 Kb5 47. Rc6 Bd6 48. Kf5 Bf4 49. Rg6 Kc5 50. Rxg7 Kxd5 51. Rxg5
Bxg5 52. Kxg5 c5 53. h6 c4 54. h7 c3 55. h8=Q c2 56. Qb2 1-0

[Event "III Open Basso Veronese B"]
[Site "Casaleone ITA"]
[Date "2010.05.30"]
[Round "3"]
[White "Zanchetta, Nicola"]
[Black "Gioga, Michele"]
[Result "1-0"]
[WhiteElo "1837"]
[BlackElo "1676"]
[PlyCount "73"]
[EventDate "2010.05.29"]

1. e4 d5 2. exd5 Qxd5 3. Nf3 Nf6 4. c4 Qd8 5. d4 c6 6. Nc3 Bg4 7. Be2 Nbd7 8.
O-O e6 9. d5 cxd5 10. cxd5 exd5 11. Nxd5 Bc5 12. Bg5 Be7 13. Nxe7 Qxe7 14. Bb5
O-O 15. Re1 Qc5 16. Bxd7 Bxf3 17. Qxf3 Qxg5 18. Qxb7 Qd2 19. Red1 Qf4 20. g3
Qe5 21. Bc6 Rab8 22. Qxa7 Rxb2 23. a4 Ng4 24. Qd4 Qxd4 25. Rxd4 Ne5 26. Bg2 Rb6
27. a5 Ra6 28. Rd5 Re8 29. Rb1 Nc4 30. Bf1 Rc8 31. Bxc4 Rac6 32. Bf1 Rc2 33.
Rbd1 g6 34. Rd8+ Kg7 35. Rxc8 Rxc8 36. a6 Rc7 37. Rb1 1-0

[Event "III Open Basso Veronese B"]
[Site "Casaleone ITA"]
[Date "2010.06.05"]
[Round "4"]
[White "Adami, Antonio"]
[Black "Macalello, Angelo"]
[Result "1-0"]
[WhiteElo "1699"]
[BlackElo "1643"]
[PlyCount "67"]
[EventDate "2010.05.29"]

1. e4 e5 2. d4 exd4 3. Qxd4 Nc6 4. Qe3 Nf6 5. Nc3 Bb4 6. Bd2 O-O 7. O-O-O Re8
8. Bc4 d6 9. f3 Ne5 10. Be2 Be6 11. Kb1 a6 12. g4 Nc4 13. Bxc4 Bxc4 14. g5 Bxc3
15. Qxc3 Nxe4 16. fxe4 Rxe4 17. b3 Be6 18. h4 c5 19. Re1 Rg4 20. h5 a5 21. h6
gxh6 22. gxh6 c4 23. Nf3 Kf8 24. Rhg1 Rxg1 25. Rxg1 f6 26. Rg7 cxb3 27. axb3
Rc8 28. Qb2 b6 29. Rxh7 Bg8 30. Ng5 Bxh7 31. Ne6+ Ke7 32. Nxd8 Rxc2 33. Qxc2
Bxc2+ 34. Kxc2 1-0

[Event "III Open Basso Veronese B"]
[Site "Casaleone ITA"]
[Date "2010.06.05"]
[Round "4"]
[White "Bellini, Luca"]
[Black "Cavalleri, Giuseppe"]
[Result "1-0"]
[WhiteElo "1659"]
[BlackElo "1839"]
[PlyCount "87"]
[EventDate "2010.05.29"]

1. d4 d5 2. Nf3 Nf6 3. e3 Bf5 4. Bd3 Bg4 5. Nbd2 e6 6. b3 c5 7. Bb2 Nc6 8. a3
cxd4 9. exd4 Bd6 10. O-O O-O 11. h3 Bh5 12. Qe2 Rc8 13. c4 Re8 14. Qe3 Qc7 15.
Ne5 Bxe5 16. dxe5 Nd7 17. f4 Qb6 18. Qxb6 Nxb6 19. g4 dxc4 20. Nxc4 Nxc4 21.
Bxc4 Bg6 22. f5 exf5 23. gxf5 Bh5 24. e6 Rcd8 25. Rae1 Na5 26. e7 Rd7 27. Bb5
Nc6 28. f6 a6 29. Bxc6 bxc6 30. Rf5 Bg6 31. Rc5 gxf6 32. Rxc6 Rexe7 33. Rxe7
Rxe7 34. Bxf6 Re8 35. Rxa6 Rc8 36. b4 Kf8 37. b5 Bd3 38. a4 Ke8 39. Ra7 Rc1+
40. Kh2 Rb1 41. Re7+ Kf8 42. Rd7 Bxb5 43. axb5 Ke8 44. Rd8# 1-0

[Event "III Open Basso Veronese B"]
[Site "Casaleone ITA"]
[Date "2010.06.05"]
[Round "4"]
[White "Gioga, Michele"]
[Black "Orlandi, Paolo"]
[Result "1-0"]
[WhiteElo "1676"]
[BlackElo "1428"]
[PlyCount "87"]
[EventDate "2010.05.29"]

1. c4 Nf6 2. Nc3 d5 3. cxd5 Nxd5 4. g3 g6 5. Bg2 c6 6. Nf3 Bg7 7. O-O O-O 8.
Qb3 Qc7 9. Nxd5 cxd5 10. Qxd5 Be6 11. Qe4 Nc6 12. d3 Rac8 13. Bf4 Qb6 14. Bc1
Rfd8 15. Qh4 f6 16. b3 Nd4 17. Nxd4 Rxd4 18. Be3 Rxh4 19. Bxb6 Rb4 20. Ba5 Rb5
21. Bd2 b6 22. Rac1 Rbc5 23. Rxc5 Rxc5 24. Rc1 Rxc1+ 25. Bxc1 f5 26. Bf4 Bc8
27. Ba8 a6 28. e3 Kf7 29. d4 e6 30. Bc7 b5 31. Kf1 Bf8 32. Ke2 Bb4 33. f4 Ke7
34. Bc6 Bd6 35. Bxd6+ Kxd6 36. Bf3 a5 37. Kd3 h6 38. h4 h5 39. e4 Bd7 40. e5+
Ke7 41. d5 Bc8 42. d6+ Kd8 43. a3 Bd7 44. Kd4 1-0

[Event "III Open Basso Veronese B"]
[Site "Casaleone ITA"]
[Date "2010.06.05"]
[Round "4"]
[White "Mettifogo, Claudio Francesco"]
[Black "Morandini, Alessandro"]
[Result "1-0"]
[WhiteElo "1573"]
[BlackElo "1422"]
[PlyCount "73"]
[EventDate "2010.05.29"]

1. e4 d6 2. d4 Nf6 3. Nd2 g6 4. Be2 Bg7 5. Ngf3 c5 6. c3 cxd4 7. cxd4 Qa5 8.
O-O O-O 9. Nc4 Qc7 10. Qd3 b6 11. b3 Bb7 12. d5 Nbd7 13. Bb2 Nc5 14. Qd1 Ncxe4
15. Rc1 Bh6 16. Ne3 Nc5 17. b4 Nxd5 18. Nxd5 Bxd5 19. Qxd5 Bxc1 20. Rxc1 Qb7
21. Qd4 f6 22. Bc4+ Kg7 23. Bd5 Qd7 24. Bxa8 Ne6 25. Qe4 Rxa8 26. Qxa8 Nf4 27.
Qe4 Qg4 28. Qxe7+ Kh6 29. Ne1 Nh3+ 30. Kf1 Nf4 31. Rc7 Kh5 32. Bxf6 h6 33. Rc4
Qf5 34. Qxd6 Qa5 35. Qxf4 Qb5 36. Qc7 Qf5 37. g4+ 1-0

[Event "III Open Basso Veronese B"]
[Site "Casaleone ITA"]
[Date "2010.06.05"]
[Round "4"]
[White "Molinaroli, Giacomo"]
[Black "Zanchetta, Nicola"]
[Result "1-0"]
[WhiteElo "1482"]
[BlackElo "1837"]
[PlyCount "117"]
[EventDate "2010.05.29"]

1. e4 e5 2. Nf3 Nc6 3. Bc4 Bc5 4. c3 Nf6 5. d4 exd4 6. cxd4 Bb4+ 7. Nc3 Nxe4 8.
O-O Bxc3 9. d5 Ne7 10. bxc3 O-O 11. Re1 Nf6 12. Bg5 Ng6 13. d6 h6 14. Qd3 hxg5
15. Qxg6 b5 16. Bb3 c5 17. Qxg5 Qb6 18. Rad1 Bb7 19. Ne5 c4 20. Bc2 Rae8 21.
Re3 Rxe5 22. Rxe5 Re8 23. Rxe8+ Nxe8 24. Qe5 Nf6 25. Re1 Qd8 26. g4 Qa8 27. Re3
Bh1 28. Rg3 Be4 29. g5 Bxc2 30. gxf6 Bg6 31. fxg7 Qe4 32. Qxe4 Bxe4 33. Rg5 a6
34. f4 f6 35. Rg3 a5 36. a3 Bh7 37. Kf2 f5 38. Ke3 Kf7 39. Kd4 Bg8 40. Kc5 Ke6
41. Rh3 a4 42. Kxb5 Kf7 43. Kxa4 Ke6 44. Kb5 Kf6 45. a4 Bd5 46. Rg3 Bc6+ 47.
Kxc4 Bxa4 48. g8=Q Bb3+ 49. Kd4 Bxg8 50. Rxg8 Ke6 51. Kc5 Kf7 52. Rg5 Ke6 53.
h4 Kf6 54. h5 Ke6 55. h6 Kf7 56. h7 Ke6 57. h8=Q Kf7 58. Rg2 Ke6 59. Qh6+ 1-0

[Event "III Open Basso Veronese B"]
[Site "Casaleone ITA"]
[Date "2010.06.05"]
[Round "4"]
[White "Pisani, Valerio"]
[Black "De Togni, Paolo"]
[Result "1-0"]
[WhiteElo "1771"]
[BlackElo "1368"]
[PlyCount "69"]
[EventDate "2010.05.29"]

1. e4 e6 2. Nf3 d5 3. exd5 exd5 4. d4 Nf6 5. Bd3 Bd6 6. Bg5 Bg4 7. Nbd2 Nbd7 8.
h3 Bxf3 9. Qxf3 h6 10. Bxf6 Nxf6 11. O-O-O O-O 12. g4 c6 13. h4 Qc8 14. Bf5 Qc7
15. g5 Nh7 16. gxh6 g6 17. Rdg1 Kh8 18. Bd3 Bf4 19. h5 g5 20. Bxh7 Kxh7 21.
Rxg5 Rg8 22. Rf5 Bxd2+ 23. Kxd2 Raf8 24. Re1 Qd6 25. Rxf7+ Rxf7 26. Qxf7+ Kh8
27. c3 Qxh6+ 28. Kc2 Qh7+ 29. Qxh7+ Kxh7 30. Re7+ Rg7 31. Rxg7+ Kxg7 32. Kd2
Kh6 33. Ke3 Kxh5 34. Kf4 a5 35. Ke5 1-0

[Event "III Open Basso Veronese B"]
[Site "Casaleone ITA"]
[Date "2010.06.05"]
[Round "4"]
[White "Zanini, Andrea"]
[Black "Avanzini, Angelo"]
[Result "1-0"]
[WhiteElo "1694"]
[BlackElo "1410"]
[PlyCount "89"]
[EventDate "2010.05.29"]

1. d4 Nf6 2. f3 d5 3. e4 dxe4 4. Nc3 e6 5. fxe4 Bb4 6. Bd3 Bxc3+ 7. bxc3 O-O 8.
Nf3 Nbd7 9. Bg5 Qe8 10. O-O h6 11. Bd2 e5 12. Qe1 c6 13. Qg3 Nh5 14. Qh4 f6 15.
Be2 Nf4 16. Bxf4 exf4 17. Qxf4 Kh8 18. Bc4 Nb6 19. Bb3 Be6 20. Qd6 Nc4 21. Qf4
b5 22. a4 g5 23. Qc1 a6 24. Re1 Ra7 25. axb5 cxb5 26. Nd2 Qc8 27. d5 Bg8 28.
Nxc4 bxc4 29. Ba4 f5 30. Qe3 Re7 31. Qd4+ Kh7 32. Bc6 Rd8 33. Qxc4 Rxe4 34.
Rxe4 Bxd5 35. Re7+ Kg6 36. Bxd5 Qxc4 37. Bxc4 Rc8 38. Be2 Kf6 39. Ra7 Rxc3 40.
Bd3 Kg6 41. R7xa6+ Kh5 42. R1a2 Kg4 43. Rxh6 f4 44. Kf2 Rxc2+ 45. Rxc2 1-0

[Event "III Open Basso Veronese B"]
[Site "Casaleone ITA"]
[Date "2010.06.05"]
[Round "4"]
[White "Zonta, Riccardo"]
[Black "Moscato, Riccardo"]
[Result "0-1"]
[WhiteElo "1668"]
[BlackElo "1686"]
[PlyCount "96"]
[EventDate "2010.05.29"]

1. e4 c5 2. Nc3 Nc6 3. Nge2 e6 4. d4 cxd4 5. Nxd4 Bc5 6. Be3 Bxd4 7. Bxd4 f6 8.
Be2 Nge7 9. Be3 O-O 10. Qd2 a6 11. a3 f5 12. O-O fxe4 13. Nxe4 d5 14. Ng3 g6
15. Rad1 b5 16. Bg5 Qe8 17. Bf3 Ne5 18. Be2 Bd7 19. b3 Rc8 20. Rc1 Qf7 21. Bxe7
Qxe7 22. a4 bxa4 23. bxa4 Nc4 24. Bxc4 Rxc4 25. Rfd1 Qb4 26. Qxb4 Rxb4 27. a5
Ra4 28. c4 Rxa5 29. cxd5 exd5 30. Rc7 Bb5 31. Ra7 Ra2 32. f3 Rc8 33. Nf1 Rcc2
34. Rxd5 Rxg2+ 35. Kh1 Be8 36. Rd8 Rge2 37. Rda8 Ra1 38. Kg1 Ree1 39. Kg2 Kf8
40. Rxa6 Rxa6 41. Rxa6 Rxf1 42. Rf6+ Kg7 43. Re6 Bf7 44. Re7 Rc1 45. Kg3 Rc6
46. h4 h6 47. f4 Rc3+ 48. Kg4 Kf6 0-1

[Event "III Open Basso Veronese B"]
[Site "Casaleone ITA"]
[Date "2010.06.06"]
[Round "5"]
[White "Avanzini, Angelo"]
[Black "Morandini, Alessandro"]
[Result "1/2-1/2"]
[WhiteElo "1410"]
[BlackElo "1422"]
[PlyCount "105"]
[EventDate "2010.05.29"]

1. d4 Nf6 2. Nf3 d5 3. c4 g6 4. Nc3 c6 5. e3 Bg7 6. Bd3 O-O 7. e4 dxe4 8. Nxe4
Bg4 9. Nxf6+ Bxf6 10. Be2 Bxf3 11. Bxf3 Qxd4 12. Qxd4 Bxd4 13. O-O Rd8 14. Rb1
Bg7 15. Be3 Na6 16. a3 Bd4 17. Bxd4 Rxd4 18. b3 Nc5 19. Rfd1 Rad8 20. Kf1 R8d6
21. Rxd4 Rxd4 22. Ke2 e5 23. g3 f5 24. Bg2 e4 25. b4 Na4 26. Rc1 Rd3 27. f3
Rxa3 28. fxe4 Ra2+ 29. Kf1 fxe4 30. Bxe4 Rxh2 31. Ra1 Nc3 32. Bf3 Ra2 33. Rxa2
Nxa2 34. b5 Nb4 35. Ke2 cxb5 36. cxb5 b6 37. Bb7 Kf7 38. Ke3 Ke6 39. Kf4 Nd5+
40. Kg5 Nf6 41. Kh6 Kf7 42. Bc6 Kg8 43. Bf3 Ne8 44. Bd5+ Kh8 45. Kg5 Nc7 46.
Bc6 Ne6+ 47. Kf6 Nd4 48. Bd7 Ne2 49. g4 Nf4 50. Bc6 Nd3 51. Bd7 Nc5 52. Bc6 Nd3
53. Bd7 1/2-1/2

[Event "III Open Basso Veronese B"]
[Site "Casaleone ITA"]
[Date "2010.06.06"]
[Round "5"]
[White "Bellini, Luca"]
[Black "Gioga, Michele"]
[Result "1/2-1/2"]
[WhiteElo "1659"]
[BlackElo "1676"]
[PlyCount "92"]
[EventDate "2010.05.29"]

1. Nf3 f5 2. d4 Nf6 3. c4 e6 4. Nc3 Be7 5. Qc2 d5 6. e3 c6 7. a3 O-O 8. b3 Ne4
9. Bb2 Nd7 10. cxd5 exd5 11. Bd3 Bd6 12. O-O g5 13. Ne2 g4 14. Ne5 Qf6 15. Nxd7
Bxd7 16. Nf4 Qh6 17. Bxe4 fxe4 18. g3 Qg5 19. a4 Rf6 20. Ba3 Bxf4 21. exf4 Qg7
22. Qc5 Rh6 23. Qe7 Qg6 24. Qg5 Qxg5 25. fxg5 Rg6 26. Be7 Kf7 27. Bf6 h6 28.
Be5 Rxg5 29. Rfc1 Rf5 30. b4 a6 31. Bf4 h5 32. Kg2 h4 33. Be3 hxg3 34. hxg3 Rh5
35. Rh1 Rah8 36. a5 Rxh1 37. Rxh1 Rxh1 38. Kxh1 Ke7 39. Kg2 Kd8 40. Bf4 Ke7 41.
Kf1 Ke6 42. Ke2 Kf5 43. Ke3 Bc8 44. Bc7 Be6 45. Bd6 Bc8 46. Be7 Bd7 1/2-1/2

[Event "III Open Basso Veronese B"]
[Site "Casaleone ITA"]
[Date "2010.06.06"]
[Round "5"]
[White "Cavalleri, Giuseppe"]
[Black "Mettifogo, Claudio Francesco"]
[Result "1-0"]
[WhiteElo "1839"]
[BlackElo "1573"]
[PlyCount "76"]
[EventDate "2010.05.29"]

1. d4 d5 2. c4 e6 3. Nc3 Nf6 4. Nf3 c6 5. a4 Nbd7 6. e3 Qc7 7. Be2 Be7 8. O-O
O-O 9. a5 a6 10. Bd2 dxc4 11. Bxc4 Nd5 12. e4 Nf4 13. e5 Ng6 14. Bd3 f5 15. Bc4
Nb8 16. Na4 Re8 17. Nb6 Ra7 18. Qb3 Bd8 19. Bb4 Be7 20. Nxc8 Rxc8 21. Bxe6+ Kh8
22. Bxc8 Qxc8 23. Bxe7 Nxe7 24. Ng5 Nd5 25. Nf7+ Kg8 26. Nd6 Qd7 27. Rfe1 g6
28. Nc4 Qe6 29. Nb6 Nd7 30. Nxd5 cxd5 31. Rac1 b5 32. Rc8+ Kg7 33. Rec1 h5 34.
R1c6 Qe7 35. Qxd5 Nf8 36. Qc5 Rd7 37. R6c7 Kh6 38. Rxd7 Nxd7 1-0

[Event "III Open Basso Veronese B"]
[Site "Casaleone ITA"]
[Date "2010.06.06"]
[Round "5"]
[White "De Togni, Paolo"]
[Black "Rossi, Gianni"]
[Result "0-1"]
[WhiteElo "1368"]
[BlackElo "1886"]
[PlyCount "62"]
[EventDate "2010.05.29"]

1. d4 Nf6 2. Nf3 g6 3. b3 Bg7 4. Bb2 O-O 5. e3 d5 6. Bd3 Nbd7 7. O-O b6 8. Nbd2
Bb7 9. Qe2 c5 10. Rac1 Ne4 11. c4 e6 12. Ba1 Rc8 13. cxd5 exd5 14. Ba6 Qc7 15.
Bxb7 Qxb7 16. Rfd1 Rfe8 17. dxc5 Bxa1 18. Nxe4 dxe4 19. c6 Rxc6 20. Rxa1 exf3
21. Qxf3 Qc7 22. Rd4 Rc1+ 23. Rxc1 Qxc1+ 24. Rd1 Qc7 25. h4 Kg7 26. Qd5 Nf6 27.
Qd4 Re4 28. Qd6 Qxd6 29. Rxd6 Rxh4 30. f4 Rh5 31. Kf2 Ne4+ 0-1

[Event "III Open Basso Veronese B"]
[Site "Casaleone ITA"]
[Date "2010.06.06"]
[Round "5"]
[White "Macalello, Angelo"]
[Black "Zonta, Riccardo"]
[Result "1/2-1/2"]
[WhiteElo "1643"]
[BlackElo "1668"]
[PlyCount "53"]
[EventDate "2010.05.29"]

1. e4 d6 2. f4 Nf6 3. Nc3 e5 4. Nf3 Be7 5. Bc4 h6 6. d3 Nbd7 7. O-O c6 8. h3
exf4 9. Bxf4 Qb6+ 10. Kh1 Qxb2 11. Bd2 Qb6 12. d4 O-O 13. e5 dxe5 14. dxe5 Nd5
15. Nxd5 cxd5 16. Bxd5 Qc7 17. e6 fxe6 18. Bxe6+ Kh8 19. Qe1 Bf6 20. Nh4 Ne5
21. Bxc8 Raxc8 22. Bf4 Bxh4 23. Qxh4 Ng6 24. Bxc7 Rxf1+ 25. Rxf1 Nxh4 26. Bg3
Ng6 27. Rf2 1/2-1/2

[Event "III Open Basso Veronese B"]
[Site "Casaleone ITA"]
[Date "2010.06.06"]
[Round "5"]
[White "Orlandi, Paolo"]
[Black "Zanini, Andrea"]
[Result "0-1"]
[WhiteElo "1428"]
[BlackElo "1694"]
[PlyCount "50"]
[EventDate "2010.05.29"]

1. e4 d5 2. exd5 Nf6 3. d4 Bg4 4. Nf3 Qxd5 5. Be2 Nc6 6. c4 Qh5 7. Nc3 O-O-O 8.
d5 e6 9. Nd4 Bxe2 10. Ncxe2 Nxd4 11. Qxd4 Bb4+ 12. Nc3 b6 13. O-O Bc5 14. Qd1
Qh4 15. Qf3 Qxc4 16. dxe6 fxe6 17. Qa8+ Kd7 18. Qxa7 Rhf8 19. Na4 Ra8 20. Nxb6+
Bxb6 21. Qb7 Nd5 22. b3 Qc3 23. Be3 Rfb8 24. Rac1 Rxb7 25. Rxc3 Nxc3 0-1

[Event "III Open Basso Veronese B"]
[Site "Casaleone ITA"]
[Date "2010.06.06"]
[Round "5"]
[White "Pisani, Valerio"]
[Black "Molinaroli, Giacomo"]
[Result "0-1"]
[WhiteElo "1771"]
[BlackElo "1482"]
[PlyCount "82"]
[EventDate "2010.05.29"]

1. e4 e5 2. Nf3 Nc6 3. d4 exd4 4. Nxd4 Bc5 5. c3 Qf6 6. Be3 Nge7 7. Bc4 Ne5 8.
Bb3 d6 9. h3 Qg6 10. Kf1 O-O 11. Nd2 Kh8 12. f4 f5 13. Bc2 fxe4 14. Bxe4 Bf5
15. Bf3 Bd3+ 16. Kf2 Nxf3 17. Qxf3 Rae8 18. g4 Nc6 19. f5 Qf7 20. Ne6 Ne5 21.
Qg3 Rxe6 22. Bxc5 dxc5 23. Kg2 Ree8 24. Rhe1 Qd5+ 25. Kh2 Nc6 26. Nf3 Qd6 27.
Ng5 Qxg3+ 28. Kxg3 Bc4 29. b3 Bg8 30. Rad1 h6 31. Nf3 Rxe1 32. Rxe1 Bd5 33. Nh4
Bf7 34. Rd1 Rd8 35. Re1 Kg8 36. Re3 Kf8 37. Nf3 Rd5 38. Kf4 Rd1 39. h4 Bd5 40.
g5 Rf1 41. Kg4 Rxf3 0-1

[Event "III Open Basso Veronese B"]
[Site "Casaleone ITA"]
[Date "2010.06.06"]
[Round "5"]
[White "Zanchetta, Nicola"]
[Black "Pieropan, Giorgio"]
[Result "1/2-1/2"]
[WhiteElo "1837"]
[BlackElo "1673"]
[PlyCount "93"]
[EventDate "2010.05.29"]

1. e4 c5 2. Nf3 d6 3. d4 cxd4 4. Nxd4 a6 5. c4 Nf6 6. Nc3 e6 7. Be2 Be7 8. g4
Nc6 9. g5 Nd7 10. h4 Qb6 11. Nb3 Nc5 12. Be3 Qc7 13. Nd4 Nxd4 14. Bxd4 Rg8 15.
b4 Nd7 16. Rc1 d5 17. cxd5 Bxb4 18. dxe6 fxe6 19. Qb3 Bxc3+ 20. Rxc3 Qd6 21.
Rd3 Qc6 22. Bf3 Nc5 23. Bxc5 Qxc5 24. Qc3 Qxc3+ 25. Rxc3 Rf8 26. Ke2 Bd7 27. e5
Rxf3 28. Kxf3 Bc6+ 29. Rxc6 bxc6 30. Rb1 Rd8 31. Rb6 Rd3+ 32. Kg2 Ra3 33. Rxc6
Kf7 34. h5 Rxa2 35. Rc7+ Kf8 36. h6 gxh6 37. gxh6 Re2 38. Rxh7 Rxe5 39. Ra7 Kg8
40. Rxa6 Kh7 41. f4 Rf5 42. Kg3 e5 43. Kg4 Rxf4+ 44. Kg5 Rf1 45. Ra7+ Kh8 46.
Re7 Rg1+ 47. Kf6 1/2-1/2

[Event "III Open Basso Veronese B"]
[Site "Casaleone ITA"]
[Date "2010.06.06"]
[Round "6"]
[White "Adami, Antonio"]
[Black "Cavalleri, Giuseppe"]
[Result "1/2-1/2"]
[WhiteElo "1699"]
[BlackElo "1839"]
[PlyCount "108"]
[EventDate "2010.05.29"]

1. e4 g6 2. d4 Bg7 3. Nc3 e5 4. d5 d6 5. Be3 Ne7 6. Qd2 O-O 7. h4 h5 8. Nh3 f5
9. g3 Nd7 10. Bh6 Nf6 11. Bxg7 Kxg7 12. exf5 Bxf5 13. O-O-O Ne4 14. Nxe4 Bxe4
15. Ng5 Bxd5 16. Qxd5 Nxd5 17. Ne6+ Kh6 18. Nxd8 Raxd8 19. Rxd5 Rxf2 20. Rd2
Rf6 21. Bg2 c6 22. Rf1 Rxf1+ 23. Bxf1 d5 24. Rf2 Kg7 25. Bh3 Rd6 26. c3 c5 27.
Kd2 a5 28. Bg2 b5 29. Kc2 e4 30. Rd2 e3 31. Rxd5 Rf6 32. Bh3 Rf2+ 33. Kd1 Rxb2
34. Rxc5 Rxa2 35. Rxb5 a4 36. Ra5 e2+ 37. Ke1 Rc2 38. Rxa4 Rxc3 39. Kxe2 Rxg3
40. Bc8 g5 41. Ra7+ Kh6 42. Ra6+ Kg7 43. hxg5 Rxg5 44. Kf3 Rc5 45. Bb7 Rb5 46.
Be4 Rg5 47. Ra7+ Kf6 48. Ra6+ Kg7 49. Kf4 Rg1 50. Kf5 h4 51. Ke6 Re1 52. Ra7+
Kh6 53. Rh7+ Kg5 54. Ke5 Kg4 1/2-1/2

[Event "III Open Basso Veronese B"]
[Site "Casaleone ITA"]
[Date "2010.06.06"]
[Round "6"]
[White "Mettifogo, Claudio Francesco"]
[Black "Orlandi, Paolo"]
[Result "1-0"]
[WhiteElo "1573"]
[BlackElo "1428"]
[PlyCount "47"]
[EventDate "2010.05.29"]

1. e4 c5 2. Nf3 d6 3. d4 cxd4 4. Nxd4 Nf6 5. Nc3 g6 6. Be2 Bg7 7. O-O O-O 8. h3
Nc6 9. Be3 Nxd4 10. Bxd4 Bd7 11. e5 dxe5 12. Bxe5 Bc6 13. Bb5 Bxb5 14. Nxb5 Qa5
15. Qe2 a6 16. Nd4 Rfd8 17. Nf3 Rd7 18. Bc3 Qc7 19. Rad1 Rad8 20. Ne5 Rxd1 21.
Rxd1 Rxd1+ 22. Qxd1 Ne4 23. Qd5 Nxc3 24. Qxf7+ 1-0

[Event "III Open Basso Veronese B"]
[Site "Casaleone ITA"]
[Date "2010.06.06"]
[Round "6"]
[White "Molinaroli, Giacomo"]
[Black "Bellini, Luca"]
[Result "1-0"]
[WhiteElo "1482"]
[BlackElo "1659"]
[PlyCount "29"]
[EventDate "2010.05.29"]

1. e4 d6 2. d4 g6 3. Nc3 Bg7 4. Nf3 Nf6 5. Bc4 O-O 6. Bg5 Bg4 7. h3 Bxf3 8.
Qxf3 Nc6 9. O-O-O e5 10. Nd5 Nxd4 11. Rxd4 exd4 12. Nxf6+ Bxf6 13. Bxf6 Qd7 14.
h4 b5 15. Qf4 1-0